| 000 | 01228nam0a2200337 4500 | ||
|---|---|---|---|
| 001 | RU\NLR\bibl\3890 | ||
| 005 | 20260406030622.0 | ||
| 010 |
_a5-7043-0932-1 _91000 |
||
| 021 |
_aRU _b98-4135 _9198 |
||
| 035 | _a(NLR Aleph) 000003767 | ||
| 090 |
_a8830 _c8830 |
||
| 100 | _a19980722d1997 |||y0rusy50 ca | ||
| 101 | 0 | _arus | |
| 102 | _aRU | ||
| 105 | _a||||||||||||| | ||
| 200 | 1 |
_aЧеловечество между гибелью и процветанием _e(Философия кризиса в ХХ веке) _fТ.Ю. Сидорина |
|
| 210 |
_aМ. _cМир кн. _d1997 |
||
| 215 |
_a241 с. _d20 |
||
| 320 | _aБиблиогр.: с. 229-235 и в подстроч. примеч. | ||
| 320 | _aУказ. имен: с. 236-238. | ||
| 606 | 0 |
_aЦивилизация _91175764 _3RU\NLR\auth\66472445 |
|
| 606 | 0 |
_aОбщественное развитие _91332879 _3RU\NLR\auth\66239687 |
|
| 686 | _aС508.0 | ||
| 686 | _aЮ6 | ||
| 700 | 1 |
_4070 _8rus _7ca _aСидорина _bТ. Ю. _gТатьяна Юрьевна _3RU\NLR\auth\77892 _9110928 |
|
| 801 | 0 |
_aRU _bNLR _c19980722 _gPSBO |
|
| 801 | 1 |
_aRU _bNLR _c19980722 |
|
| 830 | _aАвт. раскр. по кн. | ||
| 852 |
_aNLR _j98-3/1978 |
||
| 942 | _cBOOK | ||
| 980 | _aNB | ||